000 01063nam a2200313Ia 4500
001 Para_352
003 CHAP
008 220125s1984 xx 000 0 und d
010 _a199107
040 _cCHAP
090 _aPA FOLLETO 3285
100 _aVillarreal Farias, Everardo
_9119591
245 _aMetodologia para la planeación de la investigación agrícola a partir de problemas de la realidad /
_c por Everando Villareal Farias y Keir Francisco Byerly Murphy
260 _aTorreón, Coah. :
_b INIA. Unidad de Planeación de la Investigación
300 _a58 p.
410 _aPublicación especial; 9
650 _aAgricultura
_x Investigación
_91577
650 _aAgricultura
_x planeación
_9137222
700 _a
700 _aByerly Murphy, Keir Francisco
_916490
710 _aINIA. Unidad de Planeación de la Investigación
_9164442
901 _aPA FOLLETO 3285
902 _aA
905 _a0000001984 0000000000 00
910 _a1984
942 _cPARA
942 _cPARA
_d1
999 _c199107
_d199107